MDQL
is popping MORE tags! Check the
thread
!
Quizzes
Events
Quiz Creation
Community
Videos
Private Events
Remove Ads
Sign In
Join for FREE
Feedback
Dark Mode
Quiz Categories
Sports
Geography
Music
Movies
Television
Just For Fun
Miscellaneous
History
Literature
Language
Science
Gaming
Entertainment
Religion
Holiday
For Kids
Quiz Lab
Recent
Popular Today
Quiz Kudos Today
Editor Picks
Curator Picks
Quizzes by...
Day
Popularity
Type
Ratings
Length
Year
Community
Subscriptions
Recent Discussions
Orange Saloon
Badges
Playlists
Quests
Create
Leaderboards
Showdown
Live 5
Trivia Bingo
Activity
Puzzle Library
Sporcle Events
Private Events
Virtual Trivia
Globe League
Become a Host
Pub Owners
SporcleCon
Opinionation
Our Games
Videos
Blog
Mobile Apps
Partnerships
Remove Ads and Go Orange
Feedback
Music
Pop Music
The Beatles
Song
Album
Lyrics
Bands
Singers
Artist
Clip
Rock
Rap
Classical
Billboard
Country Music
Kpop
Taylor Swift
Music
Pop Music
The Beatles
Song
Album
Lyrics
Bands
Singers
Artist
Clip
Rock
Rap
Classical
Billboard
Country Music
Kpop
Taylor Swift
Random Quiz
Search Sporcle
×
Quiz Lab
Quiz Lab
Music
Lyrics
Type in answers that appear in a list
Type in answers that appear in a list
Classic
Best Score? Go Orange.
Figure Out The Lyrics: Beatles #21 Stats
Can you name the Figure Out The Lyrics: Beatles #21
By
szoobazabaszoo
10m
172 Questions
643 Plays
643 Plays
643 Plays
Comments
Comments
Give Quiz Kudos
Give Quiz Kudos
-
- Ratings
hide this ad
Replay
Link that replays current quiz
Next Quiz
Link to next quiz in quiz playlist
You Got
0%
They Got
Avg Score
85%
Avg Friend Score
Upgrade to see
Score Distribution
Jump to the score distribution portion of the page
Score
0/172
Timer
10:00
0
Plays Today
% Correct
I
98.3%
I
98.3%
I
98.3%
I
98.3%
I
98.3%
I
98.3%
you
95%
you
95%
you
95%
you
95%
you
95%
you
95%
you
95%
you
95%
you
95%
you
95%
love
94.7%
love
94.7%
love
94.7%
love
94.7%
love
94.7%
love
94.7%
the
93.8%
the
93.8%
the
93.8%
the
93.8%
and
93.5%
and
93.5%
He
93.5%
and
93.5%
and
93.5%
He
93.5%
and
93.5%
and
93.5%
her
91.9%
her
91.9%
her
91.9%
her
91.9%
her
91.9%
her
91.9%
her
91.9%
her
91.9%
her
91.9%
in
91.8%
in
91.8%
in
91.8%
in
91.8%
In
91.8%
in
91.8%
me
91.4%
She
91.4%
She
91.4%
me
91.4%
She
91.4%
She
91.4%
me
91.4%
She
91.4%
me
91.4%
% Correct
She
91.4%
She
91.4%
me
91.4%
me
91.4%
to
89.9%
with
89.3%
with
89.3%
with
89.3%
with
89.3%
with
89.3%
with
89.3%
my
87.1%
my
87.1%
be
86.9%
so
86.9%
so
86.9%
so
86.9%
so
86.9%
so
86.9%
so
86.9%
so
86.9%
so
86.9%
so
86.9%
I'm
86.8%
I'm
86.8%
I'm
86.8%
I'm
86.8%
I'm
86.8%
can
86.5%
that
85.8%
That
85.8%
that
85.8%
That
85.8%
know
85.1%
know
85.1%
know
85.1%
know
85.1%
know
85.1%
know
85.1%
know
85.1%
know
85.1%
know
85.1%
know
85.1%
all
83.7%
all
83.7%
all
83.7%
all
83.7%
feel
82.7%
feel
82.7%
feel
82.7%
feel
82.7%
feel
82.7%
feel
82.7%
fine
81.8%
fine
81.8%
fine
81.8%
fine
81.8%
fine
81.8%
% Correct
fine
81.8%
She's
81.5%
she's
81.5%
she's
81.5%
She's
81.5%
she's
81.5%
She's
81.5%
she's
81.5%
she's
81.5%
She's
81.5%
she's
81.5%
She's
81.5%
She's
81.5%
said
81%
said
81%
said
81%
said
81%
said
81%
girl
80.9%
girl
80.9%
as
79.8%
Baby
79%
baby
79%
Baby
79%
baby
79%
time
78.7%
time
78.7%
glad
78.5%
glad
78.5%
glad
78.5%
glad
78.5%
world
77.9%
world
77.9%
little
76.8%
telling
76.8%
little
76.8%
telling
76.8%
happy
76.2%
mine
75.9%
mine
75.9%
says
74.7%
tells
74.7%
says
74.7%
tells
74.7%
good
71.9%
diamond
71.2%
rings
71.2%
diamond
71.2%
rings
71.2%
things
70.9%
things
70.9%
Baby's
70.8%
buys
70.3%
buys
70.3%
buys
70.3%
buys
70.3%
Quiz Playlist
Details
Report
Send in Message
Add To Playlist
Classic:
Type in answers that appear in a list
Last Updated: Feb 16, 2017
Quiz Scoreboard
CHALLENGE
Sign Up to Join the Scoreboard
Show All
Scores
Hide
Comments
May contain spoilers
Recently Published
Find the 'City' Movie
by crazypaving
Movies
60s
5x2 Blitz: Bands
by SL_Kpop136
Music
30s
Colored Red Africa Blitz
by spor1
Geography
30s
More to Explore
Quiz From the Vault
Featured Blog Post
14 Easter Pick-up Lines to Find Eggs With
hide this ad
You Might Also Like...
Tags
Lyrics Quiz
The Beatles Quiz
Figure Out the Lyrics
George Harrison
John Lennon
Paul McCartney
Ringo Starr
Today's Top Quizzes in Music
Browse Music
hide this ad
Today's Top Quizzes in Lyrics
Browse Lyrics
Top Contributed Quizzes in Music
1
5X2 Blitz: Bands II
2
Taylor Swift All Songs (2024)
3
Taylor Swift Logic Puzzle II
4
5X2 Blitz: The Beatles
5
5X2 Blitz: Billboard
6
Taylor Swift Logic Puzzle
7
5X2 Blitz: Billboard II
8
5X2 Blitz: Album
9
5X2 Blitz: Singers
10
Music Artist by Three 2010s hits
Explore More
Trending Topics
Disney
Kpop
NBA
Crossword
Anime
Harry Potter
Marvel
Country
Song
Puzzle
Pokémon
Soccer
The Office
NFL
WWE
hide this ad
More By:
szoobazabaszoo
Quiz
Plays
Rating
Category
Featured
Created
Figure Out The Lyrics: Nirvana #1
990
4.25
Music
Apr 21, 2013
Nirvana Lyrics
950
3.00
Music
Apr 9, 2013
Figure Out The Lyrics: Beatles #20
742
4.83
Music
Oct 31, 2014
Figure Out The Lyrics: Beatles #14
650
3.75
Music
Oct 28, 2014
Figure Out The Lyrics: Beatles #21
643
4.20
Music
Oct 31, 2014
Go to Creator's Profile
Score Distribution
Quiz Creator Spotlight
szoobazabaszoo
Follow
Send a Message
Quizzes Created
-
Created Quiz Play Count
-
More By This Creator
Popular Quizzes Today
1
Colored Red Africa Blitz
2
Find the US States - No Outlines Minefield
3
Find the 'City' Movie
4
5x2 Blitz: Bands
5
The Countries of the World
6
Find the US States
7
US States
8
9x9 Crossword: Cartoon Network
More Music Quizzes
BTS Songs By Korean Title
Quiz Lab
Trending Quizzes
Colored Red Europe Blitz I
Colored Red Europe Blitz II
Colored Red Africa Blitz II
Colored Red Africa Blitz III
Colored Red Europe Blitz III
Recently Updated
Godzilla Movies
pecheneg
Grab Bag: 4-10 Letters
pecheneg
2024 March Madness Bracket
pecheneg
Famous TV Couples
Peacemaker
Champions League XIs: Real Madrid
pecheneg
Largest US Cities 1790-2010
pecheneg
Rides in Walt Disney World
pecheneg
Most Oscar Losses (Acting)
pecheneg
Beyoncé Albums
pecheneg
Leaping Animals
pecheneg
Trending Topics
NBA
Harry Potter
Disney
Crossword
Kpop
Anime
Marvel
WWE
NFL
Soccer
The Office
Pokémon
Country
Song
Puzzle
Your Account Isn't Verified!
In order to create a playlist on Sporcle, you need to verify the email address you used during registration. Go to your
Sporcle Settings
to finish the process.
Report this User
Report this user for behavior that violates our
Community Guidelines
.
Details:
Send Report
Go to the Sporcle.com Mobile Site →
Comments